000 00693nam a22001817a 4500
005 20160627144355.0
010 _a1516EN07 B-607547-560
020 _c525.00
_a9789351434177
035 _aB-607547-560
037 _adpl
_bAsian Book Centre/Ven
082 _a000
245 _aDhaara's Complete guide for SSC-combined gradiate level (Tier-I)examination/
260 _aGurgaon
_bLexis Nexis
_c2014
270 _a14th Floor, Building No.10, Tower-B, DLF Cyber City, Phase-II,
_bGurgaon
_e122002
300 _av.p.
_c27cm(pbk)
942 _2ddc
_cEN
_h000
_mDHA
999 _c95537
_d95537